000
00509nam a2200169Ia 4500
008
090711s9999 xx 000 0 und d
082
_b
45293
100
_a
अभ्यंकर कुसुम
245
_a
उध्वस्त अंगण
260
_c
1982
300
_a
184
600
_a
अभ्यंकर कुसुम
630
_a
उध्वस्त अंगण
700
_a
अभ्यंकर कुसुम
730
_a
उध्वस्त अंगण
942
_c
BOOK
999
_c
297700
_d
297700